000 01452cab a22003015a 4500
001 L145424
008 081007e20081004xxka f 000 0 eng d
035 _a(Sirsi) u145424
041 0 _aeng
100 1 _aCooke, Howard
245 0 0 _aThings are never that simple
260 _c2008
490 _aEstates Gazette
_v(0839) 4 October 2008, 122-123(2)
520 _aThis mainly for students article looks at creating a strategy for tenants seeking to exit a lease making use of a break clause, stating that these can be difficult to take advantage of, especially in cases where use of the clause is subject to conditions. Discusses break notice and payment; associated works and financial statements and the yielding up of vacant possession. The authors also provide various legislative examples to highlight the importance of sticking to the terms of break clauses.
590 _aKA
650 2 4 _aAPPORTIONMENT ACT 1870
650 2 4 _aBAIRSTOW EVES (SECURITIES) LTD V RIPLEY
650 2 4 _aELLIS V ROWBOTHAM
650 2 4 _aJOHN LAING CONSTRUCTION LTD V AMBER PASS LTD
650 2 4 _aLAW OF PROPERTY ACT 1925 S196(4)
650 2 4 _aLEGAL AND GENERAL ASSURANCE SOCIETY LTD V EXPEDITORS INTERNATIONAL (UK) LTD
650 2 4 _aOSBORNE ASSETS LTD V BRITANNIA LIFE LTD
650 2 4 _aWEST COUNTRY CLEANERS (FALMOUTH) LTD V SALY
651 4 _aUnited Kingdom
_y
690 _aLANDLORD AND TENANT-LEASES
700 1 _aWoodhead, Simon
942 _n0
999 _c80808
_d80808